A Conservative Looks At Cooperative (Record no. 1942)

MARC details
000 -LEADER
fixed length control field 00314nam a22001217a 4500
008 - FIXED-LENGTH DATA ELEMENTS--GENERAL INFORMATION
fixed length control field 250217b |||||||| |||| 00| 0 eng d
100 ## - MAIN ENTRY--AUTHOR
Author MILLER, Raymond W.
245 ## - TITLE STATEMENT
Title A Conservative Looks At Cooperative
260 ## - PUBLICATION, DISTRIBUTION, ETC. (IMPRINT)
Place of publication U.S.A
Name of publisher Ohio University Press
Date of publication 1964
300 ## - COLLATION
Pagination 205p.
942 ## - ADDED ENTRY ELEMENTS (KOHA)
Item type Books
050 ## - LIBRARY OF CONGRESS CALL NUMBER
Classification number HD2956
Item number .M55
Holdings
Source of classification or shelving scheme Not for loan Permanent location Current location Date acquired Accession No. Full call number Barcode. Koha item type
Library of Congress Classification   Samuel Ogbemudia Main Library, University of Abuja Samuel Ogbemudia Main Library, University of Abuja 02/17/2025 93/013290 HD2956.M55 2025-0076 Books